书目信息 |
| 题名: |
植物化学保护
|
|
| 作者: | 卢颖 主编 | |
| 分册: | ||
| 出版信息: | 北京 化学工业出版社 2009.8 |
|
| 页数: | 205页 | |
| 开本: | 26cm | |
| 丛书名: | ||
| 单 册: | ||
| 中图分类: | S481 | |
| 科图分类: | ||
| 主题词: | 植物保护--药剂防治--高等教育--教材 , 植物保护 , 药剂防治 | |
| 电子资源: | ||
| ISBN: | 978-7-122-06471-4 | |
| 000 | 00896nam0 2200265 45 | |
| 001 | 1355436796 | |
| 005 | 20130513145858.84 | |
| 010 | @a978-7-122-06471-4@dCNY25.00 | |
| 100 | @a20130108d2009 em y0chiy0100 ea | |
| 101 | 0 | @achi |
| 102 | @aCN@b110000 | |
| 105 | @aak z 000yy | |
| 106 | @ar | |
| 200 | 1 | @a植物化学保护@AZhi Wu Hua Xue Bao Hu@f卢颖主编@FLu Ying Zhu Bian |
| 210 | @a北京@c化学工业出版社@d2009.8 | |
| 215 | @a205页@c图@d26cm | |
| 300 | @a高职高专“十一五”规划教材 农林牧渔系列 | |
| 330 | @a本书主要包括总论、各论和实验实训三部分,内容包括:植物化学保护的基本概念、农药剂型和使用技术、农药的稀释计算和田间药效试验、农业有害生物耐药性及综合治理等。 | |
| 606 | 0 | @a植物保护@x药剂防治@x高等教育@j教材 |
| 606 | 0 | @a植物保护 |
| 606 | 0 | @a药剂防治 |
| 690 | @aS481@v5 | |
| 701 | 0 | @a卢颖@ALu Ying@4主编 |
| 801 | @aCN@bTANGWEI@c20130111 | |
| 905 | @b0831382-84@dS481@e86@f3 | |
| 植物化学保护/卢颖主编.-北京:化学工业出版社,2009.8 |
| 205页:图;26cm |
| 高职高专“十一五”规划教材 农林牧渔系列 |
| ISBN 978-7-122-06471-4:CNY25.00 |
| 本书主要包括总论、各论和实验实训三部分,内容包括:植物化学保护的基本概念、农药剂型和使用技术、农药的稀释计算和田间药效试验、农业有害生物耐药性及综合治理等。 |
| ● |
| 相关链接 |
|
|
|
|
正题名:植物化学保护
索取号:S481/86
 
预约/预借
| 序号 | 登录号 | 条形码 | 馆藏地/架位号 | 状态 | 备注 |
| 1 | 0831382 | 208313822 | 第二样本阅览室/ [索取号:S481/86] | 在馆 | |
| 2 | 0831383 | 208313831 | 第三借阅区/ [索取号:S481/86] | 在馆 | |
| 3 | 0831384 | 208313840 | 第三借阅区/ [索取号:S481/86] | 在馆 |